000 00400pab a2200157 454500
008 180718b1983 xxu||||| |||| 00| 0 eng d
100 _aSahani, D.V.
245 _aThe strides and shortcomings of State Tradining Corporation
260 _c1983
300 _a16-17
362 _a1 May
650 _aState Trading Corporation of India
700 _aR.N. Gupta
773 _aYojana
909 _a18528
999 _c18528
_d18528